00739nam a2200181 i 4500001000700000003000900007005001700016007000300033008004100036100004100077245016800118260005200286300003700338500008700375650001100462710005800473852002600531138510ES-MaACL20230906195559.0t|070214s1911 sp r ||||1| spa d1 aSan Miguel de la Cámara, Maximino.10aContribución al estudio de las dunas de la Península Ibérica b: tesis presentada para aspirar al grado de Doctor / cpor Maximino San Miguel de la Cámara. aMadrid : b[s. n.], c1911 (fImp. de A. Marzo) a42 p., 5 p. de lám. ; c25 cm. aTesis doctoral de la Universidad de Madrid, Facultad de Ciencias, leída en 1911. 4aDunas.2 aUniversidad Central (Madrid). bFacultad de Ciencias. aES-MaACLjT-1224-F-11